[Event "SWE-chB"]
[Site "Eskilstuna"]
[Date "2019.07.08"]
[Round "3"]
[White "Andersson, Tommy"]
[Black "Seo, Jung Min"]
[Result "1-0"]
[WhiteElo "2390"]
[BlackElo "2399"]
[PlyCount "69"]
[EventDate "2019.07.06"]
[EventType "tourn"]
[EventRounds "9"]
[EventCountry "SWE"]
[EventCategory "3"]
[SourceTitle "CBM 191 Extra"]
[Source "ChessBase"]
[SourceDate "2019.09.30"]
[SourceVersion "1"]
[SourceVersionDate "2019.09.30"]
[SourceQuality "1"]

1. d4 Nf6 2. c4 e6 3. Nf3 Bb4+ 4. Bd2 Be7 5. Nc3 d5 6. Bf4 0-0 7. e3 Nbd7 8. c5 c6 9. Be2 Nh5 10. 0-0 Nxf4 11. exf4 Qc7 12. g3 f6 13. Bd3 e5 14. Qc2 e4 15. Nxe4 dxe4 16. Bxe4 f5 17. Bxf5 Nf6 18. Bd3 Rd8 19. Ng5 Rxd4 20. Bxh7+ Kf8 21. Rfe1 Qd7 22. Bg6 Rd2 23. Qb3 Nd5 24. Nf3 Qg4 25. Be4 Rxf2 26. Kxf2 Bxc5+ 27. Kg2 Nxf4+ 28. Kh1 Nh3 29. Re2 Nf2+ 30. Rxf2 Bxf2 31. Qd3 Bb6 32. Rf1 Qh5 33. Ne5+ Ke7 34. Ng6+ Ke6 35. Bf5+ 1-0

[Event "SWE-chT 1718 Superettan"]
[Site "Sweden"]
[Date "2018.03.18"]
[Round "9"]
[White "Andersson, Tommy"]
[Black "Rydstrom, Tom"]
[Result "1-0"]
[WhiteElo "2404"]
[BlackElo "2289"]
[PlyCount "161"]
[EventDate "2017.10.20"]
[EventType "team-tourn"]
[EventRounds "9"]
[EventCountry "SWE"]
[SourceTitle "EXT 2019"]
[Source "ChessBase"]
[SourceDate "2018.10.10"]
[SourceVersion "1"]
[SourceVersionDate "2018.10.10"]
[SourceQuality "1"]
[WhiteTeam "Burgsvik Alva"]
[BlackTeam "Vaxjo"]
[WhiteTeamCountry "SWE"]
[BlackTeamCountry "SWE"]

1. d4 g6 2. c4 Bg7 3. Nc3 d6 4. e4 e5 5. d5 Nd7 6. Be3 Ne7 7. g4 0-0 8. Qd2 f5 9. f3 a5 10. 0-0-0 Nc5 11. g5 b6 12. Qg2 Bd7 13. h4 Be8 14. Nge2 Rb8 15. Nb5 Nc8 16. Nec3 Rb7 17. Qc2 Na7 18. h5 Nxb5 19. cxb5 Rb8 20. h6 Bh8 21. Rg1 Qe7 22. a3 Ra8 23. b4 Nb7 24. Kb2 Nd8 25. Bd3 f4 26. Bc1 Nf7 27. Qg2 Bd7 28. bxa5 Rxa5 29. a4 Rfa8 30. Kb3 Nd8 31. Ba3 Nb7 32. Bb4 R5a7 33. Ra1 Qf7 34. Kb2 Qe7 35. Qc2 Nd8 36. Bc4 Nf7 37. Qg2 Nd8 38. Bb3 Nb7 39. Rac1 Nd8 40. Rc2 Be8 41. Bc4 Nf7 42. Kb3 Bd7 43. Kb2 Qd8 44. Bb3 Qe8 45. Na2 Qe7 46. Be1 Nd8 47. Nb4 Kf8 48. Qe2 Be8 49. Na6 Nf7 50. Qg2 Rc8 51. Bf2 Rb7 52. Rc3 Kg8 53. Qh3 Bd7 54. Qg2 Be8 55. Bh4 Bd7 56. Qf2 Qd8 57. Rgc1 Nxg5 58. Bxg5 Qxg5 59. Nxc7 Qe7 60. Ne6 Rxc3 61. Rxc3 Bf6 62. Rc6 Bh4 63. Qg1 Kf7 64. Rxb6 Rxb6 65. Qxb6 Bxe6 66. dxe6+ Kf6 67. Bd5 g5 68. a5 g4 69. a6 gxf3 70. a7 f2 71. Bc4 d5 72. a8Q Qb4+ 73. Bb3 Qd2+ 74. Ka3 Qc1+ 75. Kb4 Qe1+ 76. Kc5 Qe3+ 77. Kc6 Qxb6+ 78. Kxb6 f1Q 79. Qd8+ Kg6 80. Qxh4 Qg1+ 81. Kb7 1-0

[Event "Gothenburg Manhem-A"]
[Site "Gothenburg"]
[Date "2017.08.16"]
[Round "7"]
[White "Rydstrom, Tom"]
[Black "Andersson, Tommy"]
[Result "0-1"]
[WhiteElo "2301"]
[BlackElo "2414"]
[PlyCount "76"]
[EventDate "2017.08.12"]
[EventType "tourn"]
[EventRounds "9"]
[EventCountry "SWE"]
[EventCategory "8"]
[SourceTitle "CBM 180 Extra"]
[Source "ChessBase"]
[SourceDate "2017.10.06"]
[SourceVersion "1"]
[SourceVersionDate "2017.10.06"]
[SourceQuality "1"]

1. e4 c5 2. Nf3 d6 3. d4 cxd4 4. Nxd4 Nf6 5. Nc3 a6 6. Bg5 Nbd7 7. Qe2 h6 8. Bh4 b5 9. 0-0-0 Bb7 10. a3 Rc8 11. Nd5 g5 12. Bg3 e6 13. Nxf6+ Qxf6 14. h4 Rg8 15. hxg5 hxg5 16. Kb1 Be7 17. f3 Kf8 18. Qd2 Ne5 19. Be2 d5 20. f4 gxf4 21. Bh4 Qg6 22. Bh5 Qxe4 23. Bxe7+ Kxe7 24. Rhe1 Rxg2 25. Qb4+ Kf6 26. Rxe4 dxe4 27. Rf1 f3 28. Nxf3 Nxf3 29. Qd4+ Ke7 30. Qb4+ Kf6 31. c3 Bd5 32. Qd4+ Kf5 33. Qa7 f6 34. Qxa6 Rcg8 35. Qxb5 Rg1 36. Bxf3 exf3 37. Rxg1 Rxg1+ 38. Kc2 f2 0-1

[Event "Gothenburg Manhem-A"]
[Site "Gothenburg"]
[Date "2017.08.15"]
[Round "5"]
[White "Johansson, Linus"]
[Black "Andersson, Tommy"]
[Result "1-0"]
[WhiteElo "2459"]
[BlackElo "2414"]
[PlyCount "47"]
[EventDate "2017.08.12"]
[EventType "tourn"]
[EventRounds "9"]
[EventCountry "SWE"]
[EventCategory "8"]
[SourceTitle "CBM 180 Extra"]
[Source "ChessBase"]
[SourceDate "2017.10.06"]
[SourceVersion "1"]
[SourceVersionDate "2017.10.06"]
[SourceQuality "1"]

1. d4 d5 2. c4 c6 3. Nf3 e6 4. e3 Nf6 5. Be2 Nbd7 6. 0-0 Bd6 7. Nbd2 0-0 8. Qc2 c5 9. cxd5 exd5 10. b3 b6 11. Bb2 Bb7 12. Ne5 Qe7 13. Nxd7 Nxd7 14. Rac1 Qe6 15. Rfd1 Rae8 16. g3 Nf6 17. Bf3 Ng4 18. Nc4 dxc4 19. Bxb7 Qh6 20. h4 Rxe3 21. Qd2 Rfe8 22. fxe3 Rxe3 23. Rc3 Bxg3 24. dxc5 1-0

[Event "Gothenburg Manhem-A"]
[Site "Gothenburg"]
[Date "2017.08.12"]
[Round "1"]
[White "Andersson, Tommy"]
[Black "Golubka, Petr"]
[Result "1/2-1/2"]
[WhiteElo "2414"]
[BlackElo "2445"]
[PlyCount "56"]
[EventDate "2017.08.12"]
[EventType "tourn"]
[EventRounds "9"]
[EventCountry "SWE"]
[EventCategory "8"]
[SourceTitle "CBM 180 Extra"]
[Source "ChessBase"]
[SourceDate "2017.10.06"]
[SourceVersion "1"]
[SourceVersionDate "2017.10.06"]
[SourceQuality "1"]

1. d4 e6 2. c4 b6 3. Nf3 Bb7 4. Nc3 f5 5. g3 Nf6 6. Bg2 g6 7. d5 Bg7 8. 0-0 0-0 9. Bf4 Na6 10. Qd2 Nc5 11. Rad1 Re8 12. dxe6 Nxe6 13. Bh6 Ne4 14. Nxe4 fxe4 15. Ne1 Qf6 16. Bxg7 Nxg7 17. Bh3 Rad8 18. Qc2 Qf7 19. Ng2 Nh5 20. Qa4 Bc6 21. Qxa7 d6 22. Qa3 Ra8 23. Qc3 Rxa2 24. Ne3 Qg7 25. Rd4 Kh8 26. Bg2 Nf6 27. Rc1 h5 28. h4 Re7 1/2-1/2

[Event "Fredericia"]
[Site "Fredericia"]
[Date "2017.05.27"]
[Round "6"]
[White "Andersson, Tommy"]
[Black "Grabarczyk, Miroslaw"]
[Result "1/2-1/2"]
[WhiteElo "2408"]
[BlackElo "2436"]
[PlyCount "21"]
[EventDate "2017.05.24"]
[EventType "tourn"]
[EventRounds "9"]
[EventCountry "DEN"]
[EventCategory "4"]
[SourceTitle "CBM 178 Extra"]
[Source "ChessBase"]
[SourceDate "2017.06.22"]
[SourceVersion "1"]
[SourceVersionDate "2017.06.22"]
[SourceQuality "1"]

1. d4 d5 2. c4 e6 3. Nc3 Nf6 4. Nf3 Be7 5. Bf4 0-0 6. e3 Nbd7 7. a3 c5 8. cxd5 Nxd5 9. Nxd5 exd5 10. dxc5 Nxc5 11. Be5 1/2-1/2

[Event "Fredericia"]
[Site "Fredericia"]
[Date "2017.05.26"]
[Round "4"]
[White "Andersson, Tommy"]
[Black "Jacobsen, Mikkel Manosri"]
[Result "1/2-1/2"]
[WhiteElo "2408"]
[BlackElo "2187"]
[PlyCount "32"]
[EventDate "2017.05.24"]
[EventType "tourn"]
[EventRounds "9"]
[EventCountry "DEN"]
[EventCategory "4"]
[SourceTitle "CBM 178 Extra"]
[Source "ChessBase"]
[SourceDate "2017.06.22"]
[SourceVersion "1"]
[SourceVersionDate "2017.06.22"]
[SourceQuality "1"]

1. d4 Nf6 2. c4 e6 3. Nf3 b6 4. g3 Ba6 5. Qa4 Bb7 6. Bg2 c5 7. dxc5 bxc5 8. 0-0 Be7 9. Rd1 0-0 10. Nc3 Qb6 11. Bf4 Rd8 12. Qb5 d6 13. Ng5 Bxg2 14. Kxg2 Qxb5 15. Nxb5 h6 16. Nf3 Ne8 1/2-1/2

[Event "Fredericia"]
[Site "Fredericia"]
[Date "2017.05.25"]
[Round "3"]
[White "Rewitz, Poul"]
[Black "Andersson, Tommy"]
[Result "0-1"]
[WhiteElo "2328"]
[BlackElo "2408"]
[PlyCount "134"]
[EventDate "2017.05.24"]
[EventType "tourn"]
[EventRounds "9"]
[EventCountry "DEN"]
[EventCategory "4"]
[SourceTitle "CBM 178 Extra"]
[Source "ChessBase"]
[SourceDate "2017.06.22"]
[SourceVersion "1"]
[SourceVersionDate "2017.06.22"]
[SourceQuality "1"]

1. f4 d5 2. g3 c5 3. Bg2 Nc6 4. Nf3 g6 5. d3 Bg7 6. 0-0 Nf6 7. Nc3 d4 8. Na4 Nd7 9. c4 e6 10. a3 a5 11. Bd2 0-0 12. Qe1 Qe7 13. g4 Rb8 14. Ng5 h6 15. Ne4 f5 16. gxf5 exf5 17. Ng3 Qd6 18. Qf2 b6 19. Bd5+ Kh7 20. Qg2 Ne7 21. Bf3 b5 22. cxb5 Rxb5 23. Rfc1 Nf6 24. b4 cxb4 25. Nb2 Nfd5 26. Nc4 Qe6 27. axb4 axb4 28. Ra7 Nc3 29. h4 b3 30. Nb2 h5 31. e4 Rf7 32. e5 Qb6 33. Ra8 Be6 34. Kh2 Bh6 35. Rca1 Na2 36. Rg1 Rg7 37. Ne2 Bd5 38. Re8 Bxf3 39. Qxf3 Qc6 40. Qxc6 Nxc6 41. Rc8 Nxe5 42. Nxd4 Rd5 43. fxe5 Rxd4 44. Bg5 Bxg5 45. hxg5 Re7 46. Re1 Rd5 47. Rb8 Rdxe5 48. Rxe5 Rxe5 49. Nc4 Rd5 50. Rxb3 f4 51. Rb7+ Kg8 52. Rb8+ Kf7 53. d4 Rxg5 54. Ne5+ Ke6 55. Rb6+ Kf5 56. Nf3 Rg3 57. Nh4+ Kg5 58. Nxg6 Nc3 59. Ne5 Ne4 60. d5 Kf5 61. Nf7 Rd3 62. Nh6+ Kg5 63. Nf7+ Kh4 64. d6 Rd2+ 65. Kg1 Kg3 66. Rb1 f3 67. Ne5 Rg2+ 0-1

[Event "Gothenburg Manhem-B"]
[Site "Gothenburg"]
[Date "2016.08.17"]
[Round "7"]
[White "Andersson, Tommy"]
[Black "Nygren, Kim"]
[Result "1-0"]
[WhiteElo "2386"]
[BlackElo "2240"]
[PlyCount "61"]
[EventDate "2016.08.13"]
[EventType "tourn"]
[EventRounds "9"]
[EventCountry "SWE"]
[EventCategory "2"]
[SourceTitle "CBM 173 Extra"]
[Source "ChessBase"]
[SourceDate "2016.08.29"]
[SourceVersion "1"]
[SourceVersionDate "2016.08.29"]
[SourceQuality "1"]

1. d4 Nf6 2. c4 e6 3. Nf3 d5 4. Nc3 c6 5. e3 Nbd7 6. Bd3 dxc4 7. Bxc4 b5 8. Bd3 Bb7 9. e4 b4 10. Na4 Be7 11. 0-0 0-0 12. Be3 Qa5 13. Qc2 Qh5 14. h3 Rac8 15. Nc5 Nxc5 16. dxc5 Nd7 17. Rac1 g5 18. Qc4 a5 19. e5 Ra8 20. Qe4 Ba6 21. Bxa6 Rxa6 22. Rfd1 Rd8 23. Rd4 Kg7 24. Qd3 Ra7 25. Qd2 h6 26. Rd3 Qg6 27. Rd1 Rc7 28. a3 bxa3 29. bxa3 Ra7 30. Qc3 h5 31. Nxg5 1-0

[Event "Gothenburg Manhem-B"]
[Site "Gothenburg"]
[Date "2016.08.17"]
[Round "6"]
[White "Ziegler, Ari"]
[Black "Andersson, Tommy"]
[Result "0-1"]
[WhiteElo "2301"]
[BlackElo "2386"]
[PlyCount "46"]
[EventDate "2016.08.13"]
[EventType "tourn"]
[EventRounds "9"]
[EventCountry "SWE"]
[EventCategory "2"]
[SourceTitle "CBM 173 Extra"]
[Source "ChessBase"]
[SourceDate "2016.08.29"]
[SourceVersion "1"]
[SourceVersionDate "2016.08.29"]
[SourceQuality "1"]

1. d4 Nf6 2. Nf3 e6 3. Bf4 b6 4. e3 Bb7 5. h3 Bd6 6. Bxd6 cxd6 7. Be2 Nc6 8. 0-0 d5 9. Nbd2 0-0 10. c3 d6 11. Ne1 Ne4 12. Kh2 Qg5 13. Nd3 e5 14. dxe5 dxe5 15. Rc1 Rad8 16. Rc2 Rd6 17. f4 Qg3+ 18. Kh1 Qxe3 19. Rf3 Ng3+ 20. Kh2 Qxe2 21. Qxe2 Nxe2 22. fxe5 Re6 23. Re3 Ba6 0-1

[Event "Gothenburg Manhem-B"]
[Site "Gothenburg"]
[Date "2016.08.14"]
[Round "2"]
[White "Andersson, Tommy"]
[Black "Rahul, Kumar Pune"]
[Result "1-0"]
[WhiteElo "2386"]
[BlackElo "2184"]
[PlyCount "68"]
[EventDate "2016.08.13"]
[EventType "tourn"]
[EventRounds "9"]
[EventCountry "SWE"]
[EventCategory "2"]
[SourceTitle "CBM 173 Extra"]
[Source "ChessBase"]
[SourceDate "2016.08.29"]
[SourceVersion "1"]
[SourceVersionDate "2016.08.29"]
[SourceQuality "1"]

1. d4 d6 2. e4 g6 3. Be3 Bg7 4. Qd2 a6 5. c4 b6 6. Nc3 c5 7. d5 Ra7 8. f3 e5 9. dxe6 Bxe6 10. 0-0-0 Rd7 11. h4 h5 12. Bg5 Qc7 13. Nd5 Qb7 14. Bd3 Nc6 15. Ne2 f6 16. Be3 Nge7 17. Nef4 Bf7 18. g4 Ne5 19. gxh5 g5 20. hxg5 fxg5 21. Qg2 Nxd5 22. Nxd5 Rxh5 23. Be2 Rxh1 24. Rxh1 Bxd5 25. cxd5 Rf7 26. Bxg5 c4 27. Qh3 Qd7 28. f4 Nd3+ 29. Bxd3 cxd3 30. Qxd3 Qb7 31. Kb1 Rc7 32. Qh3 Qc8 33. Qh5+ Kf8 34. Qg6 Qd7 1-0

[Event "Gothenburg Manhem-B"]
[Site "Gothenburg"]
[Date "2016.08.13"]
[Round "1"]
[White "Fries Nielsen, Jens Ove"]
[Black "Andersson, Tommy"]
[Result "0-1"]
[WhiteElo "2369"]
[BlackElo "2386"]
[PlyCount "92"]
[EventDate "2016.08.13"]
[EventType "tourn"]
[EventRounds "9"]
[EventCountry "SWE"]
[EventCategory "2"]
[SourceTitle "CBM 173 Extra"]
[Source "ChessBase"]
[SourceDate "2016.08.29"]
[SourceVersion "1"]
[SourceVersionDate "2016.08.29"]
[SourceQuality "1"]

1. d4 Nf6 2. Bg5 e6 3. e4 h6 4. Bxf6 Qxf6 5. a3 b6 6. Nc3 Bb7 7. Nf3 d6 8. d5 a6 9. dxe6 Qxe6 10. Bd3 Nd7 11. 0-0 c6 12. Re1 Be7 13. Nd4 Qf6 14. Nf5 0-0 15. Re3 Kh8 16. Rg3 Rg8 17. f4 Nc5 18. Qh5 Nxd3 19. Rxd3 Bf8 20. Ne3 Re8 21. Rf1 d5 22. e5 Qe6 23. Qd1 a5 24. Rf3 g5 25. fxg5 Rxg5 26. Ne2 Qxe5 27. Nf4 Qxb2 28. h4 Rg8 29. Rb3 Qe5 30. Nd3 Qc7 31. Qf1 Rg7 32. Nf5 Rg4 33. Qf2 c5 34. Ne3 Rg7 35. Nf5 Rg4 36. Ne3 Rg7 37. Nf5 Rg6 38. Nf4 Rg4 39. Ne3 Rxe3 40. Qxe3 d4 41. Qe8 Qe7 42. Qxe7 Bxe7 43. Rf1 Bd8 44. Re1 Bc6 45. g3 c4 46. Rbb1 Rxg3+ 0-1

[Event "Vaxjo Visma IM-A"]
[Site "Vaxjo"]
[Date "2016.07.02"]
[Round "7"]
[White "Rahul, Kumar Pune"]
[Black "Andersson, Tommy"]
[Result "0-1"]
[WhiteElo "2210"]
[BlackElo "2389"]
[PlyCount "84"]
[EventDate "2016.06.29"]
[EventType "tourn"]
[EventRounds "9"]
[EventCountry "SWE"]
[EventCategory "4"]
[SourceTitle "EXT 2017"]
[Source "ChessBase"]
[SourceDate "2016.10.25"]
[SourceVersion "1"]
[SourceVersionDate "2016.10.25"]
[SourceQuality "1"]

1. d4 Nf6 2. Bf4 g6 3. Nc3 d5 4. Qd2 h6 5. f3 Nh5 6. Be3 Bg7 7. g4 Nf6 8. Bf4 a6 9. h3 b5 10. a3 Bb7 11. Bg2 Nbd7 12. e3 c5 13. Nge2 Qb6 14. Bg3 0-0 15. h4 Rfe8 16. h5 gxh5 17. dxc5 Qxc5 18. Nd4 e5 19. Nf5 Nb6 20. Nd1 Nc4 21. Qe2 e4 22. f4 Bc8 23. Nxg7 Kxg7 24. g5 Ng4 25. b3 Ncxe3 26. gxh6+ Kh7 27. c4 d4 28. Nxe3 Nxe3 29. Rxh5 Nxg2+ 30. Kf2 Nxf4 31. Bxf4 e3+ 32. Ke1 Qc6 33. Rd5 Qg6 34. Rxd4 Bg4 35. Qd3 Bf5 36. Qf1 Qf6 37. Bd6 Re4 38. Bc5 Rd8 39. Ra2 Rdxd4 40. Bxd4 Rxd4 41. Rg2 Qh4+ 42. Ke2 Bd3+ 0-1

[Event "Vaxjo Visma IM-A"]
[Site "Vaxjo"]
[Date "2016.06.30"]
[Round "3"]
[White "Andersson, Tommy"]
[Black "Kvisvik, Brede Alexander"]
[Result "0-1"]
[WhiteElo "2389"]
[BlackElo "2287"]
[PlyCount "108"]
[EventDate "2016.06.29"]
[EventType "tourn"]
[EventRounds "9"]
[EventCountry "SWE"]
[EventCategory "4"]
[SourceTitle "EXT 2017"]
[Source "ChessBase"]
[SourceDate "2016.10.25"]
[SourceVersion "1"]
[SourceVersionDate "2016.10.25"]
[SourceQuality "1"]

1. Nf3 c5 2. g3 g6 3. c4 Nc6 4. Bg2 Bg7 5. 0-0 d6 6. Nc3 Bf5 7. h3 Nf6 8. Nh4 Bd7 9. d3 0-0 10. e4 e5 11. Bg5 h6 12. Bd2 Rb8 13. a3 a6 14. Rb1 b5 15. cxb5 axb5 16. b4 cxb4 17. axb4 Nd4 18. Nf3 Nxf3+ 19. Qxf3 Ra8 20. Ra1 Kh7 21. Qe3 Qc7 22. Rfc1 Qb7 23. Qe1 Bc6 24. Rxa8 Rxa8 25. Ra1 Rxa1 26. Qxa1 d5 27. exd5 Nxd5 28. Ne4 f5 29. Nc5 Qa8 30. Qc1 Nxb4 31. Bxc6 Nxc6 32. Ne6 Nd4 33. Nxd4 exd4 34. Qc5 Qf3 35. Bf4 Qd1+ 36. Kh2 Qf1 37. Qxb5 Qxf2+ 38. Kh1 Qe1+ 39. Kg2 Qe2+ 40. Kg1 Qe6 41. h4 Qf6 42. Qd7 g5 43. hxg5 hxg5 44. Bd6 Kg6 45. Kf2 Qf7 46. Qb5 Qe6 47. Bb8 Bf6 48. Kf1 Qe3 49. Kg2 f4 50. gxf4 gxf4 51. Qb1 f3+ 52. Kh3 f2+ 53. Bg3 Be5 54. Qb6+ Kf5 0-1

[Event "Vaxjo Visma IM-A"]
[Site "Vaxjo"]
[Date "2016.06.30"]
[Round "2"]
[White "Rydstrom, Tom"]
[Black "Andersson, Tommy"]
[Result "1/2-1/2"]
[WhiteElo "2328"]
[BlackElo "2389"]
[PlyCount "96"]
[EventDate "2016.06.29"]
[EventType "tourn"]
[EventRounds "9"]
[EventCountry "SWE"]
[EventCategory "4"]
[SourceTitle "EXT 2017"]
[Source "ChessBase"]
[SourceDate "2016.10.25"]
[SourceVersion "1"]
[SourceVersionDate "2016.10.25"]
[SourceQuality "1"]

1. e4 c5 2. Nf3 e6 3. d4 cxd4 4. Nxd4 Nf6 5. Nc3 d6 6. Be3 Be7 7. f3 0-0 8. Qd2 e5 9. Nb3 Be6 10. 0-0-0 a5 11. a4 Na6 12. g4 Nb4 13. g5 Nd7 14. h4 Nb6 15. Qf2 Nd7 16. Kb1 Rc8 17. Rg1 f5 18. gxf6 Bxf6 19. h5 Qe7 20. Nxa5 b6 21. Nb3 Qf7 22. Nc1 d5 23. exd5 Nxd5 24. Nxd5 Bxd5 25. Bb5 Nc5 26. Rd2 Bc4 27. Bxc4 Qxc4 28. b3 Qb4 29. Na2 Qa3 30. Re2 Nxb3 31. cxb3 Qxb3+ 32. Ka1 Rc4 33. Bg5 Rfc8 34. Bxf6 Rc2 35. Rxc2 Rxc2 36. Qxc2 Qxc2 37. Bxe5 g6 38. hxg6 hxg6 39. f4 Kf7 40. Rb1 Qxa4 41. Rxb6 Qc2 42. Rb7+ Ke6 43. Rc7 Qa4 44. Kb2 g5 45. Nc3 Qb4+ 46. Kc2 gxf4 47. Bxf4 Qxf4 48. Re7+ Kxe7 1/2-1/2

[Event "SWE-chT 1516"]
[Site "Sweden"]
[Date "2016.03.18"]
[Round "7.5"]
[White "Andersson, Tommy"]
[Black "Akesson, Ralf"]
[Result "1/2-1/2"]
[WhiteElo "2374"]
[BlackElo "2418"]
[PlyCount "47"]
[EventDate "2015.11.06"]
[EventType "team-tourn"]
[EventRounds "9"]
[EventCountry "SWE"]
[SourceTitle "EXT 2017"]
[Source "ChessBase"]
[SourceDate "2016.10.25"]
[SourceVersion "1"]
[SourceVersionDate "2016.10.25"]
[SourceQuality "1"]
[WhiteTeam "Burgsvik Alva"]
[BlackTeam "Vasteras"]
[WhiteTeamCountry "SWE"]
[BlackTeamCountry "SWE"]

1. d4 Nf6 2. c4 e6 3. Nf3 d5 4. Nc3 Be7 5. Bf4 0-0 6. e3 c5 7. dxc5 Bxc5 8. a3 Nc6 9. cxd5 Nxd5 10. Nxd5 exd5 11. Bd3 Be7 12. 0-0 Bf6 13. Qc2 g6 14. Rad1 Be6 15. b4 Rc8 16. Qa4 a6 17. b5 axb5 18. Qxb5 Qe7 19. a4 Nb4 20. Be5 Bxe5 21. Nxe5 Na2 22. Ra1 Nc3 23. Qb6 Rc5 24. a5 1/2-1/2